ბათუმის შოთა რუსთაველის სახელმწიფო უნივერსიტეტის ბიბლიოთეკა

ფარისებრი ჯირკვლის დაავადებები და რეპროდუქციული სისტემის ჰორმონდამოკიდებული სიმსივნები : დისერტაცია / (ბიბ.ჩანაწერი № 51762)

000 -ლიდერი
ფიქსირებული სიგრძის საკონტროლო ველი 01637nam a2200241Ia 4500
001 - საკონტროლო ნომერი
საკონტროლო ველი 18754
003 - საკონტროლო ნომრის იდენტიფიკატორი
საკონტროლო ველი GE_BSU
005 - ბოლო ოპერაციის თარიღი და დრო
საკონტროლო ველი 20220920104257.0
008 - ფიქსირებული სიგრძის მონაცემთა ელემენტები - ზოგადი ინფორმაცია
ფიქსირებული სიგრძის საკონტროლო ველი 181216s2012||||ge |||||||||||||| ||geo||
040 ## - კატალოგიზაციის წყარო
Transcribing agency GE_BSU
041 ## - ენის კოდი
Language code of text/sound track or separate title geo
080 ## - უნივერსალური ათობითი კლასიფიკაციის ინდექსი
Universal Decimal Classification number 616.4 მ-19
100 ## - მთავარი ჩანაწერი - პიროვნების სახელი
Personal name მაკარაძე, თამარ
9 (RLIN) 11714
245 ## - ცნობა სათაურის შესახებ
Title ფარისებრი ჯირკვლის დაავადებები და რეპროდუქციული სისტემის ჰორმონდამოკიდებული სიმსივნები : დისერტაცია /
Statement of responsibility, etc თამარ მაკარაძე; სამეცნიერო ხელმძღვანელი კ. მარდალეიშვილი; თბილისის სახელმწიფო სამედიცინო უნივერსიტეტი.
264 ## - წარმოების, გამოცემის, დისტრიბუციის და სხვა ცნობები
გამოცემის, წარმოების, დისტრიბუციის... ადგილი თბილისი,
გამოცემის, წარმოების, დისტრიბუციის... თარიღი 2012.
300 ## - ფიზიკური აღწერა
Extent 173 გვ.;
Other physical details 30 სმ.
653 ## - INDEX TERM--UNCONTROLLED
Uncontrolled term დისერტაცია
653 ## - INDEX TERM--UNCONTROLLED
Uncontrolled term მედიცინა
653 ## - INDEX TERM--UNCONTROLLED
Uncontrolled term ფარისებრი ჯირკვლის დაავადებები და რეპროდუქციული სისტემის ჰორმონდამოკიდებული სიმსივნები
700 ## - ADDED ENTRY--PERSONAL NAME
Personal name მარდალეიშვილი, კ.
Relator term სამეცნიერო ხელმძღვანელი
9 (RLIN) 6467
710 ## - ADDED ENTRY--CORPORATE NAME
Corporate name or jurisdiction name as entry element თბილისის სახელმწიფო სამედიცინო უნივერსიტეტი.
9 (RLIN) 11715
942 ## - ADDED ENTRY ELEMENTS (KOHA)
Koha item type წიგნი
Source of classification or shelving scheme
ეგზემპლარები
ჩამოწერის სტატუსი დაკარგული ეგზემპლარის სტატუსი კლასიფიკაციის წყარო ან თაროზე გაწყობის სქემა დაზიანების სტატუსი არ გაიცემა მუდმივი მდებარეობა (დაცვის ადგილი) ამჟამინდელი ადგილსამყოფელი შეძენის თარიღი სრული შენახვის შიფრი შტრიხკოდი ბოლო ოპერაციის თარიღი ეგზემპლარის მიმდევრობითი ნომერი (კეტერი?) ფასის ძალაში შესვლის თარიღი ეგზემპლარის სახეობა
        შიდა ფონდი ბათუმის შოთა რუსთაველის სახელმწიფო უნივერსიტეტის მთავარი ბიბლიოთეკა ბათუმის შოთა რუსთაველის სახელმწიფო უნივერსიტეტის მთავარი ბიბლიოთეკა 2018-12-17 616.4 მ-19 81 დისერტ. 2018-12-17 81 2018-12-17 დისერტაცია